Welcome to CU Library Online Public Access Catalogue (OPAC)

THE MARKETING AUDIT (Record no. 5719)

MARC details
000 -LEADER
fixed length control field 00473nam a22001457a 4500
005 - DATE AND TIME OF LATEST TRANSACTION
control field 20250509131051.0
008 - FIXED-LENGTH DATA ELEMENTS--GENERAL INFORMATION
fixed length control field 250509b |||||||| |||| 00| 0 eng d
020 ## - INTERNATIONAL STANDARD BOOK NUMBER
International Standard Book Number 9780750617062
050 ## - LIBRARY OF CONGRESS CALL NUMBER
Classification number HF 5415
Item number .16 MCD
100 ## - MAIN ENTRY--PERSONAL NAME
Personal name McDONALD, MALCOM & LEPPARD, JOHN
245 ## - TITLE STATEMENT
Title THE MARKETING AUDIT
Remainder of title TRANSLATING MARKETING THEORY INTO PRACTICE
Statement of responsibility, etc. MALCOM McDONALD & JOHN LEPPARD
260 ## - PUBLICATION, DISTRIBUTION, ETC.
Place of publication, distribution, etc. OXFORD
Name of publisher, distributor, etc. BUTTERWORTH-HEINEMANN
Date of publication, distribution, etc. c1991
300 ## - PHYSICAL DESCRIPTION
Extent vii; 266p;.
Other physical details ill;
942 ## - ADDED ENTRY ELEMENTS (KOHA)
Source of classification or shelving scheme Library of Congress Classification
Koha item type Books
Suppress in OPAC No
999 ## -
-- 5719
-- 5719
Holdings
Withdrawn status Lost status Source of classification or shelving scheme Damaged status Not for loan Collection Home library Current library Shelving location Date acquired Total checkouts Full call number Barcode Date last seen Copy number Price effective from Koha item type
    Library of Congress Classification     Non-fiction Undergraduate Library (Christ Temple) Undergraduate Library (Christ Temple) General stacks 05/09/2025   HF5415.16 MCD ulct00002319 05/09/2025 1 05/09/2025 Books
© 2023-2024 Copyright: Central University Libraries. All Rights Reserved | Created by: Mahone Tech Office